| 000 | 00761nam a22001937a 4500 | ||
|---|---|---|---|
| 005 | 20241112111523.0 | ||
| 008 | 240903b ||||| |||| 00| 0 eng d | ||
| 040 | _cSSBUL | ||
| 041 | _aMyanmar | ||
| 082 |
_223 _a၂၉၄.၃၄၄၃၅ ပါ _b၉၂၄၂ S-SAT |
||
| 100 | 0 | _aပါရဂူ | |
| 245 | 1 |
_aယခင်နှင့်ယခု(ယောဂီ၏ဘဝဂါထာ) / _cပါရဂူ။ |
|
| 250 | _aတတိယအကြိမ်။ | ||
| 260 |
_aရန်ကုန် ၊ _bနှင်းဦးလွင်စာပေ၊ _c၂၀၀၄။ |
||
| 300 |
_a၁၁၆ စာမျက်နှာ ၊ _c၁၇ စင်တီ။ |
||
| 500 | _aS-SAT: Dr. Sai Aung Tun | ||
| 650 | _aကမ္မဋ္ဌာန်း | ||
| 942 |
_2ddc _cBK1 |
||
| 999 |
_c41033 _d41033 |
||